Medición del estado de los objetivos de desarrollo del milenio de la población indígena en Chile

Na minha lista:
Detalhes bibliográficos
Autor Corporativo: PNUD (Author)
Formato: Livro
Idioma:espanhol
Publicado em: Santiago PNUD 2012
Assuntos:
Tags: Adicionar Tag
Sem tags, seja o primeiro a adicionar uma tag!

MARC

LEADER 00000cam a2200000 a 4500
001 UCF5594
003 CL-VaPUC
008 130318e20120600CL |||||||||||||||||spa|d
020 |a 9789567469390 
082 0 4 |a 306.08  |b PNU  |2 21 
110 2 |a PNUD  |e author  |9 567539 
245 1 0 |a Medición del estado de los objetivos de desarrollo del milenio de la población indígena en Chile 
300 |a 75 p 
942 |c BK 
945 |d 20130318 00:00:00  |a dcastane 
260 |a Santiago  |b PNUD  |c 2012 
650 0 |a Pueblos indígenas   |9 357564 
650 0 |a Población indígena   |9 360313 
650 7 |a ETNOEDUCACION  |2 CL-VaPUC  |9 391542 
650 0 |a Desarrollo económico y social   |9 256320 
583 |a last modification  |c 20130318 11:20:00  |k Rodrigo Vera 
999 |c 351086  |d 351084 
952 |0 0  |1 0  |4 0  |6 306_080000000000000_PNU_2012  |7 0  |8 A  |9 454965  |a BIBGIM  |b BIBGIM  |d 2019-11-22  |i 4955285  |o 306.08 PNU 2012  |p 4955285  |r 2025-01-15  |w 2019-11-22  |y BK  |k SSL 
952 |0 0  |1 0  |4 0  |6 306_080000000000000_PNU_2012  |7 0  |8 A  |9 454966  |a BIBCUR  |b BIBCUR  |d 2019-11-22  |i 4955277  |o 306.08 PNU 2012  |p 4955277  |r 2025-04-22  |w 2019-11-22  |y BK  |k PER 
952 |0 0  |1 0  |3 erb  |4 0  |6 306_080000000000000_PNU_2012  |7 0  |8 A  |9 454967  |a BIBEDU  |b BIBEDU  |i 5027977  |o 306.08 PNU 2012  |p 5027977  |r 2019-11-22  |w 2019-11-22  |y BK  |z Catalogado en:20131206  |k EDU 
952 |0 0  |1 0  |3 erb  |4 0  |6 306_080000000000000_PNU_2012  |7 0  |8 A  |9 454968  |a BIBGIM  |b BIBGIM  |i 5028493  |o 306.08 PNU 2012  |p 5028493  |r 2025-01-15  |w 2019-11-22  |y BK  |z Catalogado en:20131206  |k GIM